| 000 | 01597nam a2200325 4500 | ||
|---|---|---|---|
| 003 | CO-CtgCURN | ||
| 005 | 20250329165429.0 | ||
| 008 | 160531s2009 000 0 eng d | ||
| 040 |
_aCO-CtgCURN _bspa _ccoctgcurn |
||
| 082 | 0 |
_aENF 2009 _bA786 |
|
| 245 | 0 | 0 |
_aFactores de riesgo que conllevaron al parto pretermino durante el segundo y tercer trimestre del embarazo en las pacientes de 15 a 40 años, que asistieron a la consulta de control prenatal en el Hospital Naval de Cartagena durante el año 2008 / _cMauro Arteaga Vásquez ... [et al.] ; asesor, Andres Bedoya. |
| 260 |
_aCartagena de Indias : _bCorporación Universitaria Rafael Núñez, _c2009. |
||
| 300 | _a59 h. | ||
| 336 | _2rdacontent | ||
| 337 |
_2rdamedia _asin mediacion _bn |
||
| 338 |
_2rdacarrier _avolumen _bnc |
||
| 500 | _aIncluye anexos. | ||
| 502 | _aTrabajo de grado (Enfermera (o)). Corporación Universitaria Rafael Nuñez. Facultad de Ciencias de la Salud. Programa de Enfermeria, 2009. | ||
| 504 | _aIncluye bibliografia. | ||
| 590 | _aEnfemeria | ||
| 650 | 0 |
_aEnfermeria _vTesis y disertaciones academicas. |
|
| 700 | 1 | _aArteaga Vásquez, Mauro. | |
| 700 | 1 | _aMarquez Orellana, Elier. | |
| 700 | 1 | _aRivera Pelaez, Franklin. | |
| 700 | 1 | _aVillamil Arcila, Jaime. | |
| 700 | 1 |
_aBedoya, Andres, _easesor. |
|
| 856 | 7 |
_uhttps://unicurn.sharepoint.com/:b:/s/biblioteca/Ed9Nx-WTSTpKuefdSMWkJkUBPspLJ6yw16jTWMNZYzzWpg?e=eI4o6y _zClick aqui para ver el recurso en texto completo |
|
| 942 |
_hENF 2009 _iA786 _2ddc _cTG |
||
| 999 |
_c3736 _d3736 |
||